El tiempo del plazo razonable: (Registro nro. 6532)
[ vista simple ]
| 000 -LEADER | |
|---|---|
| fixed length control field | 01037nam a22003617a 4500 |
| 003 - CONTROL NUMBER IDENTIFIER | |
| control field | OSt |
| 005 - DATE AND TIME OF LATEST TRANSACTION | |
| control field | 20260504104151.0 |
| 007 - PHYSICAL DESCRIPTION FIXED FIELD--GENERAL INFORMATION | |
| fixed length control field | ta |
| 008 - FIXED-LENGTH DATA ELEMENTS--GENERAL INFORMATION | |
| fixed length control field | 260504s2025 ag ||||| |||| 00| 0 spa d |
| 020 ## - INTERNATIONAL STANDARD BOOK NUMBER | |
| International Standard Book Number | 9789878059891 |
| 040 ## - CATALOGING SOURCE | |
| Transcribing agency | cj catamarca |
| 082 ## - DEWEY DECIMAL CLASSIFICATION NUMBER | |
| Classification number | 343.13 P293t |
| 100 #0 - MAIN ENTRY--PERSONAL NAME | |
| 9 (RLIN) | 62 |
| Personal name | Pastor, Daniel R. |
| 245 13 - TITLE STATEMENT | |
| Title | El tiempo del plazo razonable: |
| Remainder of title | Es tiempo para el proceso de limitar el proceso en el tiempo |
| 250 ## - EDITION STATEMENT | |
| Edition statement | 1º ed. |
| 260 ## - PUBLICATION, DISTRIBUTION, ETC. | |
| Place of publication, distribution, etc. | Buenos Aires: |
| Name of publisher, distributor, etc. | Hammurabi, |
| Date of publication, distribution, etc. | 2025 |
| 300 ## - PHYSICAL DESCRIPTION | |
| Extent | 146 p. |
| Dimensions | 23 cm |
| 500 ## - GENERAL NOTE | |
| General note | INVENTARIO Nº 8161 |
| 650 #7 - SUBJECT ADDED ENTRY--TOPICAL TERM | |
| Source of heading or term | SAIJ |
| 653 ## - INDEX TERM--UNCONTROLLED | |
| Uncontrolled term | DERECHO PROCESAL PENAL |
| 653 ## - INDEX TERM--UNCONTROLLED | |
| Uncontrolled term | PLAZO RAZONABLE |
| 653 ## - INDEX TERM--UNCONTROLLED | |
| Uncontrolled term | PLAZO-NIÑOS |
| 653 ## - INDEX TERM--UNCONTROLLED | |
| Uncontrolled term | PLAZO-PROCESO |
| 653 ## - INDEX TERM--UNCONTROLLED | |
| Uncontrolled term | TRIBUNALES-TIEMPO |
| 653 ## - INDEX TERM--UNCONTROLLED | |
| Uncontrolled term | PROCESO PENAL-DURACION |
| 653 ## - INDEX TERM--UNCONTROLLED | |
| Uncontrolled term | CPPF-art. 119 |
| 653 ## - INDEX TERM--UNCONTROLLED | |
| Uncontrolled term | CPPF-art. 335 |
| 653 ## - INDEX TERM--UNCONTROLLED | |
| Uncontrolled term | CASO "MENEM" |
| 653 ## - INDEX TERM--UNCONTROLLED | |
| Uncontrolled term | PLAZO MAXIMO |
| 653 ## - INDEX TERM--UNCONTROLLED | |
| Uncontrolled term | CASO "MATTEI" |
| 856 ## - ELECTRONIC LOCATION AND ACCESS | |
| Uniform Resource Identifier | <a href="https://drive.google.com/file/d/1rqdrOn9hDzcMeMpM3sEsP_gOOEXir7wK/view?usp=sharing">https://drive.google.com/file/d/1rqdrOn9hDzcMeMpM3sEsP_gOOEXir7wK/view?usp=sharing</a> |
| 942 ## - ADDED ENTRY ELEMENTS (KOHA) | |
| Source of classification or shelving scheme | Dewey Decimal Classification |
| Koha item type | Book |
| Suppress in OPAC | No |
| Withdrawn status | Lost status | Source of classification or shelving scheme | Damaged status | Not for loan | Home library | Current library | Date acquired | Source of acquisition | Total Checkouts | Full call number | Barcode | Date last seen | Price effective from | Koha item type |
|---|---|---|---|---|---|---|---|---|---|---|---|---|---|---|
| Dewey Decimal Classification | PJCB | PJCB | 05/04/2026 | Compra | 343.13 P293t | 8161 | 05/04/2026 | 05/04/2026 | Book |

